000 00459nam a22001937a 4500
003 CEME
005 20210628204003.0
008 210309b xxu||||| |||| 00| 0 eng d
020 _a0-632-03241-3
040 _c.
082 _a629.13431 CUT'U
100 _aCutler, John
_968151
245 _aUnderstanding aircraft structures
250 _a2ND
260 _aBOSTON
_bBLACHWELL
_c1992
300 _a182P
650 _aAIRCRAFT
_968152
942 _cBK
_2ddc
999 _c575781
_d575781